000 01026nam a22003257a 4500
001 BR0602790
003 BR-BrBNA
005 20230928102213.0
007 ta
008 230509b bl.||||| |||| 00| 0 por d
040 _aBR-BrBNA
_bpor
_cBiblioteca Nacional de Agricultura
041 _a(Por)
072 _aF70; K10
090 _ F70 BR0602790
100 1 _aPereira, I.M.
110 1 _aUniversidade Federal de Lavras, MG (Brasil)
_0Tese (Doutorado)
245 1 _aEstudo da vegetação remanescente como subsídio à recomposição de áreas ciliares nas cabeceiras do Rio Grande, Minas Gerais
260 3 _aLavras, MG (Brasil):
_c2006.
300 _a261 p.
500 _aSummaries (Eng, Por); Several bibliography; 20 tables; 19 illus.
650 _aMATA CILIAR
650 _aCOMPOSIÇÃO BOTÂNICA
650 _aTAXONOMIA VEGETAL
650 _aVEGETAÇÃO
650 _aINVENTÁRIO FLORESTAL
650 _aÁREA BASAL
650 _aMINAS GERAIS
909 _a202309
_bLucia
_c55
_dLucia Elande
942 _cBK
999 _c69633
_d69633